000 00446nam a22001457a 4500
008 140205b xxu||||| |||| 00| 0 eng d
050 _aDT30.5.R96
100 _aProf. T.O. Ranger
_98048
245 _aReligion and Democracy in Africa
_cProf. T.O. Ranger
260 _aHarare
_bArrupe College
_c2000
300 _a14p. ;
_c27cm.
500 _aStenciled notes of a lecture
650 _aDemocracy
_xReligion
_zAfrica
_98049
942 _2lcc
_cMONOGRAPH
999 _c119965
_d119965